| 000 | 01734nam0a2200325 4500 | ||
|---|---|---|---|
| 001 | RU\NLR\BIBL_A\022251353 | ||
| 005 | 20260420010945.0 | ||
| 010 |
_a978-5-00188-436-1 _960 |
||
| 021 |
_aRU _bКН-П-24-025339 _9КН-П-24-2612 |
||
| 035 | _a(NLR Aleph) 022251353 | ||
| 090 |
_a13659401 _c13659401 |
||
| 100 | _a20240613d2024 u y0rusy50 ca | ||
| 101 | 0 | _arus | |
| 102 | _aRU | ||
| 105 | _aac z 000fd | ||
| 181 | 0 |
_ai _baxxe |
|
| 182 | 0 | _an | |
| 200 | 1 |
_a33-й выпуск факультета ЯЭУ _fВячеслав Григорьев |
|
| 203 |
_aТекст _bвизуальный _cнепосредственный |
||
| 210 |
_aСанкт-Петербург _cАстерион _d2024 |
||
| 215 |
_a116 с. _cил., портр. _d21 |
||
| 601 | 0 | 2 |
_aВысшее военно-морское инженерное училище им. Ф.Э. Дзержинского _bФакультет ядерных энергетических установок _cЛенинград, город _jВоспоминания, записки и т.п _xВыпускники _z1990 _92670390 _3RU\NLR\AUTH\6601757365 |
| 686 | 1 | _aЦ4,6(2)396.23г,013 | |
| 700 | 1 |
_7ca _8rus _aГригорьев _bВ. С. _cавтор книги воспоминаний _gВячеслав Сергеевич _9221005 _3RU\NLR\AUTH\770221061 |
|
| 712 | 0 | 2 |
_4570 _aВысшее военно-морское инженерное училище им. Ф. Э. Дзержинского _bФакультет ядерных энергетических установок _cЛенинград _9883871 _3RU\NLR\AUTH\880612020 |
| 942 | _cBOOK | ||
| 980 | _aNB | ||